[Event "Recife"]
[Site "Recife"]
[Date "2013.08.20"]
[Round "8"]
[White "Miranda, Roberto Calheiros J"]
[Black "Santiago, Yago de Moura"]
[Result "0-1"]
[WhiteElo "2207"]
[BlackElo "2409"]
[PlyCount "76"]
[EventDate "2013.08.15"]
[EventType "tourn"]
[EventRounds "9"]
[EventCountry "BRA"]
[EventCategory "1"]
[SourceTitle "CBM 156 Extra"]
[Source "ChessBase"]
[SourceDate "2013.10.22"]
[SourceVersion "1"]
[SourceVersionDate "2013.10.22"]
[SourceQuality "1"]

1. e4 c5 2. Nf3 d6 3. d4 cxd4 4. Nxd4 Nf6 5. Nc3 e5 6. Nb3 a6 7. Be3 Be7 8. f3 Be6 9. Qd2 0-0 10. 0-0-0 a5 11. Bb5 Na6 12. Qf2 Qb8 13. g4 Nc7 14. g5 Nh5 15. a4 Nxb5 16. Nxb5 Rc8 17. Kb1 Rc4 18. Rd3 Rxa4 19. Rhd1 Bc4 20. Nc3 Rb4 21. Nd5 Bxd5 22. Rxd5 Qc7 23. Nc1 a4 24. Na2 Rc4 25. Bb6 Qc6 26. b3 axb3 27. cxb3 Rxa2 28. Qxa2 Qxb6 29. Qa8+ Bf8 30. Kb2 Rc6 31. R5d2 Nf4 32. h4 Ne6 33. Qa4 Qc5 34. Kb1 g6 35. Qa2 Nd4 36. b4 Rb6 37. f4 Rxb4+ 38. Ka1 Nb3+ 0-1

[Event "Recife"]
[Site "Recife"]
[Date "2013.08.15"]
[Round "1"]
[White "Macedo, Maximo Iack Miranda"]
[Black "Miranda, Roberto Calheiros J"]
[Result "1-0"]
[WhiteElo "2366"]
[BlackElo "2207"]
[PlyCount "59"]
[EventDate "2013.08.15"]
[EventType "tourn"]
[EventRounds "9"]
[EventCountry "BRA"]
[EventCategory "1"]
[SourceTitle "CBM 156 Extra"]
[Source "ChessBase"]
[SourceDate "2013.10.22"]
[SourceVersion "1"]
[SourceVersionDate "2013.10.22"]
[SourceQuality "1"]

1. d4 Nf6 2. c4 e6 3. Nc3 Bb4 4. a3 Bxc3+ 5. bxc3 d6 6. f3 Nbd7 7. e4 0-0 8. Bd3 e5 9. Ne2 Re8 10. 0-0 Nf8 11. Be3 Qe7 12. Kh1 c6 13. Qd2 Ng6 14. Ng3 d5 15. cxd5 cxd5 16. Nf5 Bxf5 17. exf5 exd4 18. Bxd4 Ne5 19. Rae1 Qd6 20. Qf4 Nh5 21. Qe3 Nd7 22. Qxe8+ Rxe8 23. Rxe8+ Nf8 24. Rfe1 Nf6 25. Ra8 Qf4 26. Bc5 N6d7 27. Bb5 h5 28. Bxd7 Qc7 29. Rxf8+ Kh7 30. Ree8 1-0

[Event "Recife Arraes Memorial 6th"]
[Site "Recife"]
[Date "2013.06.07"]
[Round "3"]
[White "Fonseca, Luis Ernesto Serra"]
[Black "Miranda, Roberto Calheiros J"]
[Result "1-0"]
[WhiteElo "2030"]
[BlackElo "2217"]
[PlyCount "84"]
[EventDate "2013.06.06"]
[EventType "swiss"]
[EventRounds "7"]
[EventCountry "BRA"]
[SourceTitle "EXT 2014"]
[Source "ChessBase"]
[SourceDate "2013.11.20"]
[SourceVersion "1"]
[SourceVersionDate "2013.11.20"]
[SourceQuality "1"]

1. e4 c5 2. Nf3 Nc6 3. d4 cxd4 4. Nxd4 e5 5. Nxc6 bxc6 6. Bc4 Ba6 7. Qd3 Bxc4 8. Qxc4 Nf6 9. Nc3 Rb8 10. 0-0 Qa5 11. Rd1 Be7 12. Bd2 0-0 13. h3 Rb4 14. Qd3 Rxb2 15. Nd5 Qd8 16. Bc3 Rb7 17. Qa6 Rb8 18. Ba5 Qe8 19. Nxe7+ Qxe7 20. Bc7 Ra8 21. Bd6 Qd8 22. Bxf8 Qxf8 23. Qa5 Qe7 24. Rab1 d5 25. exd5 cxd5 26. Qb4 Qe8 27. Qb5 Qf8 28. Qb7 h6 29. Rb5 Qc8 30. Rdb1 Qe8 31. Qxa8 Qxa8 32. Rb8+ Qxb8 33. Rxb8+ Kh7 34. Rb7 Kg6 35. Rxa7 d4 36. a4 Nd5 37. a5 Nb4 38. Rc7 Kf5 39. Kf1 Ke4 40. Ke2 Kd5 41. Kd2 f5 42. Rf7 Na6 1-0

[Event "Recife Arraes Memorial 6th"]
[Site "Recife"]
[Date "2013.06.07"]
[Round "2"]
[White "Miranda, Roberto Calheiros J"]
[Black "Xavier, Lucca Lucas"]
[Result "1-0"]
[WhiteElo "2217"]
[BlackElo "2001"]
[PlyCount "189"]
[EventDate "2013.06.06"]
[EventType "swiss"]
[EventRounds "7"]
[EventCountry "BRA"]
[SourceTitle "EXT 2014"]
[Source "ChessBase"]
[SourceDate "2013.11.20"]
[SourceVersion "1"]
[SourceVersionDate "2013.11.20"]
[SourceQuality "1"]

1. e4 e5 2. Nf3 Nc6 3. Bb5 a6 4. Ba4 Nf6 5. 0-0 d6 6. d3 Be7 7. c3 b5 8. Bc2 0-0 9. a4 b4 10. Re1 Bg4 11. h3 Bxf3 12. Qxf3 d5 13. Bg5 bxc3 14. bxc3 d4 15. Bxf6 Bxf6 16. a5 dxc3 17. Nxc3 Nd4 18. Qd1 c6 19. Ne2 Rb8 20. Nxd4 Qxd4 21. Bb3 Bh4 22. Ra2 Rfd8 23. Bc4 Rb2 24. Rxb2 Qxb2 25. g3 Be7 26. Qf3 Bf6 27. Kg2 Rb8 28. Re2 Qc1 29. Qf5 Rd8 30. Ra2 Qb1 31. Qf3 Qb7 32. h4 h6 33. Ra3 Qb4 34. Ra2 Qb7 35. Qe2 Be7 36. Rb2 Bb4 37. Qh5 Qe7 38. Bxa6 Bxa5 39. Rb7 Bc7 40. Bc4 Rd7 41. Qf5 Kh8 42. h5 Kg8 43. Ra7 Rd8 44. Kf3 Qd7 45. Qg6 Rf8 46. Ke2 Kh8 47. Qf5 Qxf5 48. exf5 Bb8 49. Rxf7 Rxf7 50. Bxf7 Ba7 51. f3 Bd4 52. Kd2 Bf2 53. g4 Bd4 54. Kc2 Kh7 55. Kb3 Kh8 56. Kc4 c5 57. Kd5 Kh7 58. Ke6 Kh8 59. Ke7 Kh7 60. Kf8 Kh8 61. Bd5 Be3 62. Kf7 Bg5 63. Bc6 Kh7 64. Be4 Kh8 65. Bd5 Bh4 66. Ke6 Bg3 67. Ke7 Bf4 68. Kd7 Be3 69. Ke7 Bf4 70. Bf7 Be3 71. Ke6 Bd4 72. Kd5 Kh7 73. Kd6 Kh8 74. Ke7 Kh7 75. Bd5 Be3 76. Kf8 Bg5 77. Kf7 Kh8 78. Ke6 Bf4 79. Be4 Kg8 80. Kd5 Kf7 81. Kxc5 Ke7 82. Bc6 Be3+ 83. Kd5 Bf4 84. Ke4 Bg3 85. Bb5 Kf6 86. Bd7 Kg5 87. Bc8 Bh2 88. Bb7 Bg1 89. f4+ exf4 90. d4 Kxg4 91. d5 Bb6 92. d6 f3 93. Bc8 Kg5 94. Kxf3 Kxh5 95. Kf4 1-0

[Event "Manaus zt 2.4"]
[Site "Manaus"]
[Date "2013.04.30"]
[Round "5"]
[White "Vera Siguenas, Deivy Anthoni"]
[Black "Miranda, Roberto Calheiros J"]
[Result "1-0"]
[WhiteElo "2427"]
[BlackElo "2200"]
[PlyCount "83"]
[EventDate "2013.04.27"]
[EventType "swiss"]
[EventRounds "9"]
[EventCountry "BRA"]
[SourceTitle "CBM 154 Extra"]
[Source "ChessBase"]
[SourceDate "2013.06.25"]
[SourceVersion "2"]
[SourceVersionDate "2013.06.25"]
[SourceQuality "1"]

1. e4 c5 2. Nf3 Nc6 3. d4 cxd4 4. Nxd4 e5 5. Nb5 a6 6. Nd6+ Bxd6 7. Qxd6 Qf6 8. Qd1 Qg6 9. Nc3 d5 10. Nxd5 Qxe4+ 11. Be3 Nd4 12. Nc7+ Ke7 13. Rc1 Bg4 14. Qd3 Qxd3 15. Bxd3 Rd8 16. h3 Bh5 17. f4 Kd6 18. Nxa6 bxa6 19. g4 Bg6 20. f5 Bxf5 21. gxf5 Nf6 22. c3 Rhe8 23. Kf2 Nb5 24. a4 Nc7 25. b4 Kc6 26. Rhd1 Rd7 27. c4 Red8 28. Ke2 e4 29. b5+ Kb7 30. Bc2 Rxd1 31. Rxd1 Rxd1 32. Kxd1 axb5 33. axb5 g6 34. Bd4 Nce8 35. fxg6 fxg6 36. c5 g5 37. Ke2 h5 38. Ke3 Kc8 39. b6 g4 40. hxg4 hxg4 41. Bxe4 Nd7 42. Bf5 1-0

[Event "Joao Pessoa op 4th"]
[Site "Joao Pessoa"]
[Date "2013.03.15"]
[Round "2"]
[White "Miranda, Roberto Calheiros J"]
[Black "Maia, Jose Simplicio"]
[Result "1-0"]
[WhiteElo "2200"]
[BlackElo "1968"]
[PlyCount "73"]
[EventDate "2013.03.15"]
[EventType "swiss"]
[EventRounds "6"]
[EventCountry "BRA"]
[SourceTitle "CBM 153 Extra"]
[Source "ChessBase"]
[SourceDate "2013.04.22"]
[SourceVersion "1"]
[SourceVersionDate "2013.04.22"]
[SourceQuality "1"]

1. e4 c5 2. Nf3 Nc6 3. d4 cxd4 4. Nxd4 Nf6 5. Nc3 g6 6. Be3 Bg7 7. Qd2 0-0 8. 0-0-0 d5 9. exd5 Nxd5 10. Nxc6 bxc6 11. Bd4 e5 12. Bc5 Re8 13. Ne4 Qh4 14. Qe1 Be6 15. g3 Qg4 16. Bd3 Qf3 17. Kb1 Bg4 18. Qd2 Reb8 19. h3 Be6 20. Ng5 Qf6 21. Nxe6 Qxe6 22. Bc4 Rd8 23. Qa5 Qf6 24. Rhe1 Nb6 25. Bb3 Qf3 26. c3 Nd5 27. c4 Nb6 28. Rxd8+ Rxd8 29. Qxa7 Nd7 30. Rd1 Qf5+ 31. Ka1 Bf6 32. Bb4 e4 33. Bc5 Rb8 34. Rxd7 Rxb3 35. axb3 Qxh3 36. Rxf7 Qe6 37. Rb7 1-0

[Event "Serra Talhada op"]
[Site "Serra Talhada"]
[Date "2012.11.17"]
[Round "5"]
[White "De Almeida, Benone Lopes Jr"]
[Black "Miranda, Roberto Calheiros J"]
[Result "1/2-1/2"]
[WhiteElo "2194"]
[BlackElo "2188"]
[PlyCount "41"]
[EventDate "2012.11.15"]
[EventType "swiss"]
[EventRounds "7"]
[EventCountry "BRA"]
[SourceTitle "CBM 151 Extra"]
[Source "ChessBase"]
[SourceDate "2012.12.18"]
[SourceVersion "1"]
[SourceVersionDate "2012.12.18"]
[SourceQuality "1"]

1. Nf3 Nf6 2. d4 e6 3. Bg5 Be7 4. c4 b6 5. Nc3 Bb7 6. e3 d6 7. Bd3 Nbd7 8. 0-0 0-0 9. Rc1 h6 10. Bh4 c5 11. Re1 cxd4 12. exd4 Rc8 13. Qe2 Re8 14. Bg3 Nh5 15. Be4 Nxg3 16. hxg3 Ba6 17. Bd3 Nf6 18. Ne4 Bb7 19. Bc2 Nxe4 20. Bxe4 Bxe4 21. Qxe4 1/2-1/2

[Event "Serra Talhada op"]
[Site "Serra Talhada"]
[Date "2012.11.17"]
[Round "6"]
[White "Miranda, Roberto Calheiros J"]
[Black "Vasconcelos, Jose Armando Sales"]
[Result "1/2-1/2"]
[WhiteElo "2188"]
[BlackElo "2143"]
[PlyCount "51"]
[EventDate "2012.11.15"]
[EventType "swiss"]
[EventRounds "7"]
[EventCountry "BRA"]
[SourceTitle "CBM 151 Extra"]
[Source "ChessBase"]
[SourceDate "2012.12.18"]
[SourceVersion "1"]
[SourceVersionDate "2012.12.18"]
[SourceQuality "1"]

1. e4 e6 2. d4 d5 3. Nc3 Bb4 4. e5 Qd7 5. a3 Bf8 6. Nf3 b6 7. Bd3 Ba6 8. 0-0 Ne7 9. Re1 c5 10. Bxa6 Nxa6 11. Qe2 Nb8 12. Nb5 Nf5 13. dxc5 bxc5 14. g4 a6 15. gxf5 axb5 16. fxe6 fxe6 17. Bg5 h6 18. Bh4 g5 19. Bg3 Be7 20. Qd3 Bd8 21. Qg6+ Qf7 22. Qxf7+ Kxf7 23. b4 g4 24. Nd2 c4 25. f3 Bb6+ 26. Bf2 1/2-1/2

[Event "Serra Talhada op"]
[Site "Serra Talhada"]
[Date "2012.11.16"]
[Round "4"]
[White "Miranda, Roberto Calheiros J"]
[Black "Coelho, Ronielly Santana"]
[Result "1-0"]
[WhiteElo "2188"]
[BlackElo "1884"]
[PlyCount "45"]
[EventDate "2012.11.15"]
[EventType "swiss"]
[EventRounds "7"]
[EventCountry "BRA"]
[SourceTitle "CBM 151 Extra"]
[Source "ChessBase"]
[SourceDate "2012.12.18"]
[SourceVersion "1"]
[SourceVersionDate "2012.12.18"]
[SourceQuality "1"]

1. e4 c5 2. Nf3 Nc6 3. d4 cxd4 4. Nxd4 Nf6 5. Nc3 e6 6. Nxc6 bxc6 7. Bd3 Bb4 8. Bd2 d5 9. exd5 cxd5 10. 0-0 0-0 11. Qf3 Qc7 12. Nb5 Qe7 13. Bg5 a6 14. Nd4 Bd7 15. c3 Bc5 16. Rfe1 Bxd4 17. cxd4 Bb5 18. Bf5 Qb4 19. Bxf6 gxf6 20. Bxh7+ Kg7 21. Qg4+ Kh8 22. Re3 f5 23. Qh4 1-0

[Event "Serra Talhada op"]
[Site "Serra Talhada"]
[Date "2012.11.15"]
[Round "2"]
[White "Miranda, Roberto Calheiros J"]
[Black "Correia, Max do Carmo"]
[Result "1-0"]
[WhiteElo "2188"]
[BlackElo "1964"]
[PlyCount "95"]
[EventDate "2012.11.15"]
[EventType "swiss"]
[EventRounds "7"]
[EventCountry "BRA"]
[SourceTitle "CBM 151 Extra"]
[Source "ChessBase"]
[SourceDate "2012.12.18"]
[SourceVersion "1"]
[SourceVersionDate "2012.12.18"]
[SourceQuality "1"]

1. e4 e5 2. Nf3 Nc6 3. Bb5 a6 4. Ba4 Nf6 5. 0-0 Be7 6. Re1 b5 7. Bb3 0-0 8. a4 Bb7 9. c3 d6 10. d4 h6 11. Nbd2 Re8 12. Nf1 Bf8 13. Ng3 Na5 14. Bc2 c5 15. h3 Qc7 16. Qd3 c4 17. Qd1 Bc6 18. d5 Bd7 19. axb5 axb5 20. Nh4 Nb7 21. Rxa8 Rxa8 22. Qf3 Ra2 23. Bb1 Ra1 24. Bxh6 Nc5 25. Rf1 Na4 26. Bg5 Nh7 27. Bd2 Nxb2 28. Qe2 Na4 29. f4 exf4 30. Nh5 b4 31. e5 Rxb1 32. Rxb1 dxe5 33. Nf3 bxc3 34. Bc1 Bd6 35. Ra1 g6 36. Qc2 gxh5 37. Kh1 Kg7 38. Rxa4 Bxa4 39. Qxa4 Qc5 40. Qd7 Qxd5 41. Nh4 Qd1+ 42. Kh2 Qxc1 43. Nf5+ Kg8 44. Nxd6 Qe1 45. Qe8+ Kg7 46. Qxf7+ Kh8 47. Nf5 Qg3+ 48. Nxg3 1-0

[Event "American Continental 08th"]
[Site "Mar del Plata"]
[Date "2012.10.21"]
[Round "11"]
[White "Palmiotto, Marcos Ivan"]
[Black "Miranda, Roberto Calheiros J"]
[Result "0-1"]
[WhiteElo "1985"]
[BlackElo "2200"]
[PlyCount "103"]
[EventDate "2012.10.12"]
[EventType "swiss"]
[EventRounds "11"]
[EventCountry "ARG"]
[SourceTitle "EXT 2013"]
[Source "ChessBase"]
[SourceDate "2012.11.22"]
[SourceVersion "1"]
[SourceVersionDate "2012.11.22"]
[SourceQuality "1"]

1. e4 c5 2. Nf3 Nc6 3. d4 cxd4 4. Nxd4 e5 5. Nb5 a6 6. Nd6+ Bxd6 7. Qxd6 Qf6 8. Qd1 Qg6 9. Nc3 d5 10. Nxd5 Qxe4+ 11. Ne3 Be6 12. Bd3 Qd4 13. c3 Qc5 14. Qc2 Nge7 15. b4 Qb6 16. 0-0 Rc8 17. Qb1 h6 18. a4 0-0 19. Ba3 Rfe8 20. Bc4 Nd8 21. Qd3 Qc7 22. Bxe6 Nxe6 23. Bb2 Red8 24. Qc2 Nd4 25. Qd1 Ndf5 26. Qe2 Nxe3 27. fxe3 Qc6 28. e4 Ng6 29. g3 Qe6 30. Rf3 Rd7 31. Raf1 Rcd8 32. Bc1 Qb3 33. Kg2 Qxa4 34. h4 Qb5 35. Qa2 Nh8 36. R1f2 Qc6 37. Qe2 Rd1 38. Qc2 Re1 39. Re3 Rxe3 40. Bxe3 Qc4 41. Rd2 Rxd2+ 42. Bxd2 Ng6 43. Be3 Nf8 44. Kf3 Ne6 45. Qd2 Qf1+ 46. Bf2 Qc4 47. Be3 Qc6 48. g4 Qc4 49. Bf2 Nf4 50. Qe3 Qf1 51. Qd2 Qg2+ 52. Ke3 0-1

[Event "American Continental 08th"]
[Site "Mar del Plata"]
[Date "2012.10.18"]
[Round "8"]
[White "Miranda, Roberto Calheiros J"]
[Black "Lujan, Carolina"]
[Result "0-1"]
[WhiteElo "2200"]
[BlackElo "2379"]
[PlyCount "122"]
[EventDate "2012.10.12"]
[EventType "swiss"]
[EventRounds "11"]
[EventCountry "ARG"]
[SourceTitle "EXT 2013"]
[Source "ChessBase"]
[SourceDate "2012.11.22"]
[SourceVersion "1"]
[SourceVersionDate "2012.11.22"]
[SourceQuality "1"]

1. e4 c5 2. Nf3 e6 3. d4 cxd4 4. Nxd4 a6 5. Bd3 Bc5 6. Nb3 Be7 7. Qg4 g6 8. Qe2 d6 9. Be3 Nd7 10. N1d2 Qc7 11. 0-0-0 b5 12. f4 Bb7 13. Rhf1 Ngf6 14. g4 Nc5 15. g5 Nfd7 16. Kb1 Na4 17. Bd4 e5 18. Be3 Rc8 19. h4 Ndc5 20. Nxc5 Nxc5 21. h5 Na4 22. Qf3 d5 23. Nb3 dxe4 24. Bxe4 Qc4 25. Nc5 Bxe4 26. Qxe4 Rxc5 27. Qg2 Rc8 28. hxg6 hxg6 29. fxe5 Rh4 30. e6 Qxe6 31. Bd4 Re4 32. Rh1 Bd6 33. Bf6 Nc5 34. Rhf1 Kd7 35. Rh1 Re8 36. a3 Kc7 37. Qd2 Nb7 38. Qd3 Kb8 39. Rhf1 Qc4 40. Qh3 Re2 41. Bc3 Be5 42. Rf3 Bxc3 43. Rxc3 Qe6 44. Qg3+ Qe5 45. Qf3 Re1 46. Rxe1 Qxe1+ 47. Ka2 Qe6+ 48. b3 Rc8 49. Qf4+ Ka8 50. Rc7 Rxc7 51. Qxc7 Ka7 52. Qc3 Qf5 53. Qe3+ Qc5 54. Qd2 Nd6 55. Qd3 Kb6 56. Kb1 Kc7 57. a4 bxa4 58. Qxa6 a3 59. c4 Ne4 60. Qa8 Qg1+ 61. Kc2 Qg2+ 0-1

[Event "American Continental 08th"]
[Site "Mar del Plata"]
[Date "2012.10.16"]
[Round "6"]
[White "Miranda, Roberto Calheiros J"]
[Black "Ortiz, Jorge Daniel"]
[Result "1-0"]
[WhiteElo "2200"]
[BlackElo "1932"]
[PlyCount "73"]
[EventDate "2012.10.12"]
[EventType "swiss"]
[EventRounds "11"]
[EventCountry "ARG"]
[SourceTitle "EXT 2013"]
[Source "ChessBase"]
[SourceDate "2012.11.22"]
[SourceVersion "1"]
[SourceVersionDate "2012.11.22"]
[SourceQuality "1"]

1. e4 e6 2. d4 d5 3. Nc3 dxe4 4. Nxe4 Bd7 5. Nf3 Bc6 6. Bd3 Nf6 7. Ng3 Be7 8. 0-0 0-0 9. Ne5 Qd5 10. Nxc6 Nxc6 11. c3 Qd8 12. Re1 Nb8 13. Qb3 b6 14. Be2 a5 15. a4 c6 16. Bf3 Qc7 17. Qc4 Nd5 18. Bd2 Re8 19. Rad1 Nd7 20. Bc1 Rac8 21. Nf1 N7f6 22. Ne3 Nxe3 23. Bxe3 Nd5 24. Bc1 h6 25. g3 Qb7 26. Qf1 b5 27. axb5 cxb5 28. Be4 Qd7 29. Bd3 Rb8 30. Qh3 Bf8 31. Re5 f5 32. Rde1 Bd6 33. R5e2 Bf8 34. Qh5 Qf7 35. Qf3 a4 36. Bb1 Rec8 37. Rxe6 1-0

[Event "American Continental 08th"]
[Site "Mar del Plata"]
[Date "2012.10.13"]
[Round "2"]
[White "Miranda, Roberto Calheiros J"]
[Black "Cori Tello, Deysi Estella"]
[Result "0-1"]
[WhiteElo "2200"]
[BlackElo "2411"]
[PlyCount "46"]
[EventDate "2012.10.12"]
[EventType "swiss"]
[EventRounds "11"]
[EventCountry "ARG"]
[SourceTitle "EXT 2013"]
[Source "ChessBase"]
[SourceDate "2012.11.22"]
[SourceVersion "1"]
[SourceVersionDate "2012.11.22"]
[SourceQuality "1"]

1. e4 e6 2. d4 d5 3. Nc3 Nf6 4. Bg5 Bb4 5. e5 h6 6. Bd2 Bxc3 7. bxc3 Ne4 8. Bd3 Nxd2 9. Qxd2 b6 10. Nf3 Ba6 11. Bxa6 Nxa6 12. a4 0-0 13. 0-0 c5 14. Rfe1 Rc8 15. Qd3 Nb8 16. a5 bxa5 17. dxc5 Nd7 18. Nd4 Nxc5 19. Qb5 a4 20. Re3 Qc7 21. Qe2 Ne4 22. Nb5 Qb6 23. Rxa4 a6 0-1

[Event "Recife Calife Memorial 2nd"]
[Site "Recife"]
[Date "2011.07.22"]
[Round "2.2"]
[White "Martins, Vinicius Tine"]
[Black "Miranda, Roberto Calheiros J"]
[Result "1-0"]
[WhiteElo "2293"]
[BlackElo "2201"]
[PlyCount "131"]
[EventDate "2011.07.21"]
[EventType "tourn"]
[EventRounds "7"]
[EventCountry "BRA"]
[SourceTitle "EXT 2022"]
[Source "ChessBase"]
[SourceDate "2021.10.06"]
[SourceVersion "1"]
[SourceVersionDate "2021.10.06"]
[SourceQuality "1"]

1. Nf3 Nf6 2. c4 e6 3. Nc3 Bb4 4. Qc2 b6 5. g3 Bb7 6. Bg2 0-0 7. a3 Bxc3 8. Qxc3 Ne4 9. Qc2 f5 10. 0-0 c5 11. d3 Nf6 12. d4 cxd4 13. Nxd4 Bxg2 14. Kxg2 Qc8 15. Bf4 Qb7+ 16. Kg1 a6 17. Rac1 Rc8 18. Qd3 Nc6 19. Rfd1 Ne7 20. Bd6 Ng6 21. Nf3 Ne4 22. Bb4 Rc7 23. Bd6 Rc6 24. Be5 Ra7 25. Bd4 Qc8 26. Ne5 Nxe5 27. Bxe5 d6 28. Bf4 Rf7 29. Be3 h6 30. b3 g5 31. Ra1 e5 32. Bc1 Nc5 33. Qc2 Ne6 34. Qd3 Nc5 35. Qe3 f4 36. Qc3 fxg3 37. fxg3 Qh3 38. Qe3 Rc8 39. Bb2 Rcf8 40. b4 Ne6 41. c5 bxc5 42. bxc5 Nf4 43. Qe4 d5 44. Rxd5 Nxd5 45. Qxd5 Kh7 46. Qd3+ Rf5 47. Bxe5 Kg6 48. Bd6 R8f7 49. Kh1 g4 50. Qe4 Kh5 51. Rg1 Rf2 52. Qe5+ R2f5 53. Qe4 Rf2 54. Qe5+ Kg6 55. Qe4+ R7f5 56. Qe6+ Kh7 57. Qe7+ Rf7 58. Qe4+ R7f5 59. Qe7+ Kg6 60. Qe6+ Kh5 61. Qe8+ Rf7 62. Qe5+ R2f5 63. Qe4 Qf1 64. Bf4 Qh3 65. c6 Rf8 66. c7 1-0

[Event "Recife Calife Memorial 2nd"]
[Site "Recife"]
[Date "2011.07.22"]
[Round "3.3"]
[White "Miranda, Roberto Calheiros J"]
[Black "Bouwman, Marcelo Wanderley"]
[Result "1/2-1/2"]
[WhiteElo "2225"]
[BlackElo "2208"]
[PlyCount "25"]
[EventDate "2011.07.21"]
[EventType "tourn"]
[EventRounds "7"]
[EventCountry "BRA"]
[SourceTitle "EXT 2022"]
[Source "ChessBase"]
[SourceDate "2021.10.06"]
[SourceVersion "1"]
[SourceVersionDate "2021.10.06"]
[SourceQuality "1"]

1. e4 c5 2. Nf3 d6 3. d4 cxd4 4. Qxd4 Bd7 5. Bg5 Nc6 6. Qd2 g6 7. Nc3 Bg7 8. 0-0-0 Qa5 9. Kb1 Rc8 10. Nd5 Qxd2 11. Bxd2 Nf6 12. Bd3 0-0 13. Bc3 1/2-1/2

[Event "BRA-ch sf"]
[Site "Recife"]
[Date "2010.10.31"]
[Round "3"]
[White "Fernandes Filho, Bergson Fragoso"]
[Black "Miranda, Roberto Calheiros J"]
[Result "0-1"]
[WhiteElo "2083"]
[BlackElo "2240"]
[PlyCount "80"]
[EventDate "2010.10.30"]
[EventType "swiss"]
[EventRounds "7"]
[EventCountry "BRA"]
[SourceTitle "EXT 2011"]
[Source "ChessBase"]
[SourceDate "2010.11.26"]
[SourceVersion "1"]
[SourceVersionDate "2010.11.26"]
[SourceQuality "1"]

1. e4 c5 2. Nf3 d6 3. c3 Nf6 4. Bc4 Nbd7 5. Qe2 e6 6. d4 Nb6 7. Bd3 Bd7 8. 0-0 c4 9. Bc2 h6 10. Nbd2 Rc8 11. Rd1 Qe7 12. e5 dxe5 13. dxe5 Nfd5 14. Ne4 Qd8 15. a4 a5 16. Ng3 Bc5 17. Nd4 Qh4 18. Ne4 Qe7 19. Qg4 Kf8 20. Nxc5 Qxc5 21. b4 Qc7 22. Qg3 Ra8 23. b5 Kg8 24. Ba3 Rc8 25. Bd6 Qd8 26. h4 f5 27. Bxf5 exf5 28. e6 Nxc3 29. Nxf5 Ne2+ 30. Kh2 Nxg3 31. Bxg3 Qf6 32. exd7 Nxd7 33. Nd6 Kh7 34. Nxc8 Rxc8 35. Rac1 Nb6 36. Rd6 Qb2 37. Re1 c3 38. Rxb6 c2 39. Bf4 Qb4 40. Bxh6 Qxe1 0-1

[Event "BRA-ch sf"]
[Site "Recife"]
[Date "2010.10.31"]
[Round "4"]
[White "Miranda, Roberto Calheiros J"]
[Black "Rodrigues da Silva, Evandro"]
[Result "0-1"]
[WhiteElo "2240"]
[BlackElo "2182"]
[PlyCount "72"]
[EventDate "2010.10.30"]
[EventType "swiss"]
[EventRounds "7"]
[EventCountry "BRA"]
[SourceTitle "EXT 2011"]
[Source "ChessBase"]
[SourceDate "2010.11.26"]
[SourceVersion "1"]
[SourceVersionDate "2010.11.26"]
[SourceQuality "1"]

1. d4 d5 2. c4 e5 3. dxe5 d4 4. Nf3 Nc6 5. g3 Bg4 6. Bg2 Qd7 7. Nbd2 0-0-0 8. 0-0 Bh3 9. Ne4 Bxg2 10. Kxg2 h6 11. a3 Qe6 12. Qd3 Nxe5 13. Nxe5 Qxe5 14. f4 Qe6 15. f5 Qc6 16. Rf3 Re8 17. Nf2 Bd6 18. b4 Be5 19. b5 Qd7 20. a4 Nf6 21. a5 c5 22. Ba3 Bd6 23. Rd1 b6 24. axb6 axb6 25. e3 Be5 26. e4 Qb7 27. Bb2 Kc7 28. Re1 Ra8 29. Qb3 Rhc8 30. h3 Bd6 31. Qd3 Ra2 32. Qb1 Qa8 33. Kf1 Qa4 34. Kg2 Nd7 35. Nd3 Ne5 36. Nxe5 Bxe5 0-1

[Event "Recife Arraes Memorial 3rd"]
[Site "Recife"]
[Date "2010.10.10"]
[Round "4.16"]
[White "Miranda, Roberto Calheiros J"]
[Black "De Andrade, Erastro Trajano"]
[Result "0-1"]
[WhiteElo "2240"]
[BlackElo "1961"]
[PlyCount "82"]
[EventDate "2010.10.09"]
[EventType "swiss"]
[EventRounds "5"]
[EventCountry "BRA"]
[SourceTitle "EXT 2022"]
[Source "ChessBase"]
[SourceDate "2021.10.06"]
[SourceVersion "1"]
[SourceVersionDate "2021.10.06"]
[SourceQuality "1"]

1. d4 d5 2. Nf3 Nf6 3. Bf4 e6 4. e3 Bd6 5. Bg5 Be7 6. c4 0-0 7. Nc3 h6 8. Bh4 Ne4 9. Bxe7 Qxe7 10. Bd3 Nxc3 11. bxc3 Nd7 12. 0-0 b6 13. cxd5 exd5 14. Qa4 a5 15. Bb5 Nf6 16. Rfc1 Bd7 17. Ne5 Bxb5 18. Qxb5 Qd6 19. Rab1 Rfd8 20. c4 dxc4 21. Qxc4 Qd5 22. Qxc7 Qxa2 23. Qxb6 Rdb8 24. Qxb8+ Rxb8 25. Rxb8+ Kh7 26. Rbc8 Ne4 27. R8c2 Qb3 28. Nc4 a4 29. f3 Nf6 30. e4 Nh5 31. Rb2 Qd3 32. Rd2 Qb3 33. d5 Nf6 34. Rb2 Qd3 35. Ra2 Qb3 36. Rb2 Qd3 37. Rbc2 g5 38. Rd2 Qb3 39. d6 Nd7 40. Rb2 Qd3 41. Rb7 Ne5 0-1

[Event "Pernambucano-ch"]
[Site "Recife"]
[Date "2008.10.26"]
[Round "11.2"]
[White "De Moura, Sergio Jovelino"]
[Black "Miranda, Roberto Calheiros J"]
[Result "0-1"]
[WhiteElo "2134"]
[BlackElo "2216"]
[PlyCount "20"]
[EventDate "2008.10.18"]
[EventType "tourn"]
[EventRounds "11"]
[EventCountry "BRA"]
[SourceTitle "EXT 2022"]
[Source "ChessBase"]
[SourceDate "2021.10.06"]
[SourceVersion "1"]
[SourceVersionDate "2021.10.06"]
[SourceQuality "1"]

1. e4 c5 2. Nc3 Nc6 3. Nf3 d6 4. d4 Bg4 5. d5 Bxf3 6. Qxf3 Nd4 7. Qd1 g6 8. Be3 Bg7 9. Bxd4 cxd4 10. Bb5+ Kf8 0-1

[Event "Pernambucano-ch"]
[Site "Recife"]
[Date "2008.10.24"]
[Round "7.3"]
[White "Brito, Luismar Jorge"]
[Black "Miranda, Roberto Calheiros J"]
[Result "1-0"]
[WhiteElo "2342"]
[BlackElo "2216"]
[PlyCount "88"]
[EventDate "2008.10.18"]
[EventType "tourn"]
[EventRounds "11"]
[EventCountry "BRA"]
[SourceTitle "EXT 2022"]
[Source "ChessBase"]
[SourceDate "2021.10.06"]
[SourceVersion "1"]
[SourceVersionDate "2021.10.06"]
[SourceQuality "1"]

1. e4 c5 2. Nf3 e6 3. d4 cxd4 4. Nxd4 a6 5. c4 Bb4+ 6. Nc3 Qc7 7. Bd2 Nf6 8. Qf3 Nc6 9. Nc2 Bd6 10. g3 b6 11. Qe2 Bb7 12. f4 Nb4 13. Rc1 Nxc2+ 14. Rxc2 Bc5 15. Bg2 0-0 16. g4 d6 17. h4 Nd7 18. g5 f5 19. Kd1 Rae8 20. Re1 Bd4 21. b4 Bxc3 22. Bxc3 fxe4 23. Bxe4 Rxf4 24. Bxh7+ Kh8 25. Kc1 Bf3 26. Qd3 Ne5 27. Bxe5 dxe5 28. Bg6 Rd8 29. Qe3 e4 30. c5 Rxh4 31. cxb6 Qe5 32. Kb1 Qb5 33. Qc5 e3 34. Qxb5 axb5 35. Rxe3 Rxb4+ 36. Rb2 Rxb2+ 37. Kxb2 Bd5 38. Bf7 g6 39. Bxe6 Bxe6 40. Rxe6 Kg7 41. Kb3 Kf7 42. Rc6 Ke7 43. Rxg6 Kd7 44. Rg7+ Kd6 1-0